Top 100 NHL Draft Prospects 2019-2020 - Statistics

General Stats
  • This quiz has been taken 43 times
  • The average score is 14 of 101
Answer Stats
Rank Player Team % Correct
1 Alexis Lafreniere Rimouski Oceanic
97%
2 Quinton Byfield Sudbury Wolves
88%
8 Marco Rossi Ottawa 67’s
64%
4 Lucas Raymond Frolunda
61%
5 Tim Stutzle Adler Mannheim
55%
7 Alexander Holtz Djurgardens IF
48%
3 Jamie Drysdale Erie Otters
45%
10 Cole Perfetti Saginaw Spirit
42%
9 Anton Lundell HIKF
39%
34 Jack Quinn Ottawa 67’s
39%
14 Kaiden Guhle Prince Albert Raiders
39%
6 Yaroslav Askarov SKA-Neva St. Petersburg
39%
32 Jake Sanderson USNTDP
33%
11 Dawson Mercer Chicoutimi Sagueneens
30%
12 Dylan Holloway University of Wisconsin
30%
24 Justin Barron Halifax Mooseheads
30%
38 Seth Jarvis Portland Winterhawks
30%
18 Braden Schneider Brandon Wheat Kings
27%
22 Connor Zary Kamloops Blazers
27%
29 JJ Peterka EHC Munchen
27%
41 Mavrik Bourque Shawinigan Cataractes
27%
13 Noel Gunler Lulea
27%
16 Jan Mysak Hamilton Bulldogs
21%
30 Rodion Amirov Salavat Yulaev Ufa
21%
57 Jake Neighbours Edmonton Oil Kings
18%
47 Lukas Reichel Eisbaren Berlin
18%
75 Brendan Brisson Chicago Steel
15%
17 Helge Grans Malmo
15%
33 Jacob Perreault Sarnia Sting
15%
76 Luke Evangelista London Knights
15%
44 Ozzy Wiesblatt Prince Albert Raiders
15%
23 Ridly Greig Brandon Wheat Kings
15%
15 Jeremie Poirier Saint John Sea Dogs
12%
53 Luke Tuch USNTDP
12%
42 Ryan O’Rourke Sault Ste. Marie Greyhounds
12%
52 Shakir Mukhamadullin Salavat Yulaev Ufa
12%
19 Jean-Luc Foudy Windsor Spitfires
9%
43 Marat Khusnutdinov SKA-1946 St. Petersburg
9%
56 Roby Jarventie KOOVEE
9%
40 Roni Hirvonen Assat
9%
48 Topi Niemela Karpat
9%
27 Tyson Foerster Barrie Colts
9%
26 William Wallinder MODO
9%
61 Antonio Stranges London Knights
6%
87 Daniel Torgersson Frolunda
6%
93 Drew Commesso USNTDP
6%
25 Emil Andrae HV71
6%
66 Jack Finley Spokane Chiefs
6%
67 Joni Jurmo Jokerit
6%
49 Justin Sourdif Vancouver Giants
6%
78 Nico Daws Guelph Storm
6%
90 Theodor Niederbach Frolunda
6%
54 Theo Rochette Quebec Remparts
6%
31 Thomas Bordeleau USNTDP
6%
45 Tyler Kleven USNTDP
6%
55 Will Cuylle Windsor Spitfires
6%
81 Yan Kuznetsov University of Connecticut
6%
51 Zion Nybeck HV71
6%
58 Brandon Coe North Bay Battalion
3%
77 Brett Berard USNTDP
3%
82 Connor McClennon Winnipeg Ice
3%
73 Daemon Hunt Moose Jaw Warriors
3%
69 Donovan Sebrango Kitchener Rangers
3%
39 Dylan Peterson USNTDP
3%
80 Jack Thompson Sudbury Wolves
3%
60 Joel Blomqvist Karpat
3%
46 Kasper Simontaival Tappara
3%
28 Lukas Cormier Charlottetown Islanders
3%
94 Luke Prokop Calgary Hitmen
3%
70 Martin Chromiak Kingston Frontenacs
3%
89 Samuel Knazko TPS
3%
96 Tristen Robins Saskatoon Blades
3%
37 Ty Smilanic USNTDP
3%
20 Vasili Ponomaryov Shawinigan Cataractes
3%
21 William Villeneuve Saint John Sea Dogs
3%
99 Zayde Wisdom Kingston Frontenacs
3%
79 Alexander Pashin Tolpar Ufa
0%
98 Benjamin Baumgartner Davos
0%
100 Ben Schoen Youngstown Phantoms
0%
64 Bogdan Trineyev MHK Dynamo Moskva
0%
50 Carson Bantle Madison Capitals
0%
62 Carter Savoie Sherwood Park Crusaders
0%
97 Charlie Desroches Saint John Sea Dogs
0%
74 Colby Ambrosio Tri City Storm
0%
36 Daniil Gushchin Muskegon Lumberjacks
0%
59 Eemil Viro TPS
0%
71 Jan Bednar HC Banik Sokolov
0%
83 Jaromir Pytlik Sault Ste. Marie Greyhounds
0%
101 Jeremie Biakabutuka Val d’Or Foreurs
0%
88 Kasper Puutio Everett Silvertips
0%
72 Michael Benning Sherwood Park Crusaders
0%
68 Nick Malik Sault Ste. Marie Greyhounds
0%
65 Oliver Suni Oshawa Generals
0%
84 Pavel Novak Kelowna Rockets
0%
85 Ruben Rafkin Windsor Spitfires
0%
92 Sean Farell Chicago Steel
0%
91 Simon Kubicek Seattle Thunderbirds
0%
95 Trevor Kuntar Youngstown Phantoms
0%
63 Tyler Tullio Oshawa Generals
0%
35 Veeti Miettinen Kiekko-Espoo
0%
86 Ville Ottavainen Kitchener Rangers
0%
No matching quizzes found
Score Distribution
Percent of People with Each Score
Percentile by Number Answered
Your Score History
You have not taken this quiz